| 000 | 01053nam a2200301 i 4500 | ||
|---|---|---|---|
| 001 | 106665 | ||
| 003 | ES-MaACL | ||
| 005 | 20250827062620.0 | ||
| 007 | t| | ||
| 008 | 030507s2006 sp l ||||0| spa | ||
| 020 | _a84-309-4401-X | ||
| 080 | _a347(460)"1889"(094.4) | ||
| 110 | 1 |
_aEspaña _93622 |
|
| 240 | 1 | 0 | _aCódigo civil, 1889 |
| 245 | 1 | 0 |
_aCódigo civil / _cedición preparada por José Carlos Erdozain López bajo la dirección de Rodrigo Bercovitz Rodríguez-Cano. |
| 250 | _a25ª ed. | ||
| 260 |
_aMadrid : _bTecnos, _c2006. |
||
| 300 |
_a863 p. ; _c17 cm. |
||
| 490 | 1 |
_aBiblioteca de textos legales ; _v1 |
|
| 500 | _aEn cub.: Actualizada a septiembre de 2006. | ||
| 650 | 0 | 4 |
_aDerecho civil- _zEspaña- _vLegislación _911663 |
| 700 | 1 |
_aErdozain López, José Carlos. _947376 |
|
| 700 | 1 |
_aBercovitz Rodríguez-Cano, Rodrigo. _927857 |
|
| 830 | 1 |
_aBiblioteca de textos legales ; _v1 _9177271 |
|
| 852 |
_aES-MaACL _jA-15263 _9110718 _cDEPO1 _dOlim: L 347(460)"1889" ESP |
||
| 942 | _2udc | ||
| 999 |
_c106665 _d106665 |
||